| 000 | 00480nam a2200145Ia 4500 | ||
|---|---|---|---|
| 008 | 140724s9999 xx 000 0 und d | ||
| 050 |
_aTS 155 _b.G573 2013 |
||
| 100 | _aGo, Benjamin III P. | ||
| 245 |
_aInventory system for Liwayway Grocery / _cBenjamin P. Go III. |
||
| 260 |
_aLas PiƱas, Philippines : _bSouthville International School and Colleges, _cc2013. |
||
| 300 |
_a82 p. : _bcol. Ill. ; _c28 cm. |
||
| 521 | _aInformation Technology | ||
| 942 | _cTH | ||
| 999 |
_c229106 _d229106 |
||